000 00697nam a2200193 i 4500
001 75763
003 ES-MaACL
005 20230906172604.0
007 t|
008 040927s1943 sp ||||1| spa d
100 1 _aGriffith, John Price Crozer.
_960005
245 1 0 _aTratado de pediatría /
_cJ. P. Crozer Griffith y A. Graeme Mitchell ; traducción de la tercera edición inglesa por José Doménech Alsina.
260 _aBarcelona :
_bSalvat,
_c1943 (
_fImp. Hispano-Americana)
300 _aX, 1105 p., 10 lám. :
_bil. ;
_c26 cm.
650 4 _aPediatría.
_9136672
700 1 _aMitchell, A. Graeme.
_981669
700 1 _aDomenech Alsina, José.
_945089
852 _aES-MaACL
_jE-79
_bR.20291
999 _c75763
_d75763